[Event "Ruhrgebiet Verbandsklasse Gruppe 1 1819"]
[Site "Nordrheinwestfalen"]
[Date "2018.09.23"]
[Round "1.7"]
[White "Weichert, Eddy"]
[Black "Lauer, Boris"]
[Result "1-0"]
[WhiteElo "1716"]
[BlackElo "1845"]
[PlyCount "101"]
[EventDate "2018.09.23"]
[EventType "team-tourn"]
[EventRounds "9"]
[EventCountry "GER"]
[SourceTitle "EXT 2022"]
[Source "ChessBase"]
[SourceDate "2021.10.06"]
[SourceVersion "1"]
[SourceVersionDate "2021.10.06"]
[SourceQuality "1"]
[WhiteTeam "Horst Emscher II"]
[BlackTeam "Annen Sport Union"]
[WhiteTeamCountry "GER"]
[BlackTeamCountry "GER"]

1. e4 e6 2. d4 d5 3. Nd2 dxe4 4. Nxe4 Be7 5. Nf3 Nf6 6. Nxf6+ Bxf6 7. Bd3 Nd7 8. c3 0-0 9. 0-0 Re8 10. Re1 g6 11. Bf4 b6 12. Bb5 Bb7 13. Qa4 Re7 14. Ne5 Bxe5 15. dxe5 Nc5 16. Qc2 c6 17. Bf1 Rd7 18. Rad1 Qe7 19. b4 Rxd1 20. Rxd1 Na6 21. Qd2 b5 22. Bg5 Qe8 23. Bf6 Nc7 24. c4 bxc4 25. Bxc4 Nd5 26. Bxd5 cxd5 27. Qf4 Qf8 28. h4 h6 29. Rc1 Rc8 30. Rxc8 Bxc8 31. b5 Kh7 32. Qc1 Qe8 33. Qc7 Qd7 34. Qc5 Kg8 35. Kf1 Bb7 36. a4 Qc8 37. Qxa7 Qc1+ 38. Ke2 Qc2+ 39. Ke3 Qc1+ 40. Kf3 Qc3+ 41. Kf4 g5+ 42. hxg5 hxg5+ 43. Kg4 Qc2 44. Qd4 Qf5+ 45. Kg3 Kf8 46. a5 Qb1 47. Qc5+ Kg8 48. a6 Qe4 49. Bxg5 Qxe5+ 50. f4 Qe1+ 51. Kh2 1-0